Matrimonio y unión libre en la percepción de adolescentes mexicanos radicados en Tijuana /
Este es un estudio sobre las actitudes y percepciones de los jóvenes mexicanos acerca de la unión libre y el matrimonio, en el cual la información fue recabada por medio de un censo de la población estudiantil de las preparatorias públicas de Tijuana y Baja California, también a través de la realiza...
Gorde:
| Egile nagusia: | |
|---|---|
| Formatua: | Texto |
| Gaiak: | |
| Etiketak: |
Etiketa erantsi
Etiketarik gabe, Izan zaitez lehena erregistro honi etiketa jartzen!
|
MARC
| LEADER | 00000 a a2200000 04500 | ||
|---|---|---|---|
| 001 | 40573 | ||
| 003 | |||
| 040 | |||
| 100 | |a Ojeda, Norma | ||
| 245 | |a Matrimonio y unión libre en la percepción de adolescentes mexicanos radicados en Tijuana / |c Norma Ojeda | ||
| 500 | |a nojeda@mail.sdsu.edu | ||
| 520 | |a Este es un estudio sobre las actitudes y percepciones de los jóvenes mexicanos acerca de la unión libre y el matrimonio, en el cual la información fue recabada por medio de un censo de la población estudiantil de las preparatorias públicas de Tijuana y Baja California, también a través de la realización de grupos focalizados con estudiantes femeninas. | ||
| 590 | |a SJB/MAYO2012 | ||
| 650 | |a 1.ESTUDIANTES | ||
| 650 | |a 2.OPINION | ||
| 650 | |a 3.UNION DE HECHO | ||
| 650 | |a 4.MATRIMONIO | ||
| 650 | |a 5.NUPCIAL DAD | ||
| 650 | |a 6.SUBJETIVIDAD | ||
| 650 | |a 7.ENSEÑANZA SECUNDARIA | ||
| 650 | |a 8.MEXICO | ||
| 773 | |g volumen15, número60 ( , 2009), páginas 41-64 : tablas | ||
| 999 | |c 27586 |d 27586 | ||
